000 00453nam a2200181Ia 4500
001 10533
005 20260306161839.0
008 260306t1961||||xx |||||||||||||| ||spa||
041 _aESP
082 _a940.2
_bD281
100 _aDubreton, J. Lucas
_eAUT
245 0 _aLa vida cotidiana en Florencia en tiempo de los Médicis
260 _c1961
300 _a352 páginas :
_c22 cm.
650 _aGEN
654 _aCHU
942 _cLIB
_dJUS
_fJUS
_2ddc
_n
999 _c10533
_d10533